000 00453nam a2200181Ia 4500
001 565
005 20260306140527.0
008 260306t1996||||xx |||||||||||||| ||spa||
041 _aESP
082 _a128
_bC34
100 _aCastilla, Blanca
_eAUT
245 0 _aNoción de persona en Xavier Zubiri :
_buna aproximación al género
260 _c1996
300 _a452 páginas :
_c24 cm.
650 _aGEN
654 _aCHU
942 _cLIB
_dJUS
_fJUS
_2ddc
_n
999 _c565
_d565